000 00973cam a2200277 a 4500
001 18124192
005 20150513141132.0
008 140422t2014 flua fr 001 0 eng d
020 _a0881737402 (The Fairmont Press, Inc.)
020 _a9781482260786 (Taylor & Francis Ltd.)
020 _z0881737410 (electronic)
040 _aDLC
_beng
_cDLC
_dDLC
_dEG-ScBUE
082 0 0 _a621.183
_222
_bTAP
100 1 _aTaplin, Harry,
_d1935-
_937987
245 1 0 _aBoiler plant and distribution system optimization manual /
_cby Harry Taplin.
250 _a3rd ed.
260 _aBoca Raton ;
_aLondon :
_bFairmont Press,
_bCRC Press / Taylor & Francis Group,
_cc.2014.
300 _axiii, 293 p. :
_bill. ;
_c29 cm.
500 _aIndex : p. 291-293.
650 7 _aSteam-boilers
_xEfficiency.
_2BUEsh
_937988
650 7 _aSteam power plants
_xDesign and construction.
_2BUEsh
_937989
651 _2BUEsh
653 _bENGGEN
_cMay2015
655 _vreading book
_934232
942 _2ddc
999 _c19345
_d19317